000
00396nam a2200133Ia 4500
008
151001s9999||||xx |||||||||||||| ||und||
100
_a
शारदाकुमार शिर्सेकर
245
_a
तूच माझी मैना
250
_a
1
260
_b
त्रिदल प्रकाशन मुंबई
260
_c
1991
300
_a
67
365
_b
18
999
_c
981771
_d
981768